Ekonomické a legislatívne podmienky operácií komerčných bánk na Slovensku

Salvato in:
Dettagli Bibliografici
Autore principale: Horvátová, Eva, 1958-
Ente Autore: Ekonomická univerzita v Bratislave. Národohospodárska fakulta
Altri autori: Tkáčová, Daniela, 1954-, Bačová, Monika, Svitek, Martin, Fifeková, Elena
Natura: Libro
Lingua:slovacco
Pubblicazione: Bratislava Vydavateľstvo EKONÓM 2004
Soggetti:
Tags: Aggiungi Tag
Nessun Tag, puoi essere il primo ad aggiungerne!!

MARC

LEADER 00000nam$a2200000$$$4500
001 0010287
005 20240502071355.6
020 |a 80-225-1842-5 
041 0 |a slo 
044 |a SK 
245 1 0 |a Ekonomické a legislatívne podmienky operácií komerčných bánk na Slovensku  |c Eva Horvátová a kolektív 
264 1 |a Bratislava  |b Vydavateľstvo EKONÓM  |c 2004 
300 |a 174 s. 
610 2 0 |a banky 
610 2 0 |a banky obchodné 
610 2 0 |a ochrana vkladov 
610 2 0 |a primeranosť kapitálová 
610 2 0 |a položky opravné 
610 2 0 |a bankovníctvo hypotekárne 
610 2 0 |a sporenie stavebné 
610 2 0 |a reštrukturalizácia 
610 2 0 |a privatizácia 
610 2 0 |a politika menová 
610 2 0 |a NBS Bratislava 
610 2 0 |a Slovensko 
100 1 |a Horvátová, Eva, 1958- 
700 1 |a Tkáčová, Daniela, 1954- 
700 1 |a Bačová, Monika 
700 1 |a Svitek, Martin 
700 1 |a Fifeková, Elena 
710 2 |a Ekonomická univerzita v Bratislave. Národohospodárska fakulta